000 00495nam a2200181Ia 4500
005 20250326123423.0
008 250326s9999 xx 000 0 und d
037 _aTextbook
040 _aFMSL
_beng
_cFMSL
041 _aeng
_2eng
084 _aX:9y7 P0
_qFMSL
100 _aRao V S P
245 0 _aHuman resource management : text and cases
_cRao V S P
260 _aNew Delhi
_bNew Delhi, Excel
_c2000
300 _a636p
942 _cTB
_hX:9y7 P0
999 _c1269293
_d1269293